Súčasné parametre hospodárskeho vývoja Rakúska Príloha Hospodárskych novín
Niekoľko zásadných informácií o súčasnom vývoji rakúskeho hospodárstva. Ťažkosti pri odhade najbližších vyhliadok rakúskej ekonomiky.
Enregistré dans:
| Auteur principal: | |
|---|---|
| Format: | Chapitre de livre |
| Langue: | slovaque |
| Sujets: | |
| Tags: |
Pas de tags, Soyez le premier à ajouter un tag!
|
MARC
| LEADER | 00000naa a2200000 4500 | ||
|---|---|---|---|
| 001 | r023308 | ||
| 005 | 20230824085450.9 | ||
| 041 | 0 | |a slo | |
| 044 | |a SK | ||
| 245 | 1 | 0 | |a Súčasné parametre hospodárskeho vývoja Rakúska |b Príloha Hospodárskych novín |c Ján Artur Oberhauser |
| 520 | |a Niekoľko zásadných informácií o súčasnom vývoji rakúskeho hospodárstva. Ťažkosti pri odhade najbližších vyhliadok rakúskej ekonomiky. | ||
| 610 | 2 | 0 | |a Rakúsko |
| 610 | 2 | 0 | |a 1995-1997 |
| 610 | 2 | 0 | |a situácia hospodárska |
| 610 | 2 | 0 | |a rast hospodársky |
| 100 | 1 | |a Oberhauser, Ján Artur | |